000 00648nam a2200241Ia 4500
005 20260430150318.0
008 008 250103s9999 xx 000 0 eng d
037 _aTheses
040 _aCRL
040 _beng
040 _ceng
041 _2eng
041 _aeng
084 _qCRL
100 _aSaini Lalit Kumar Au.; Dutta Sukanta Gu.; Ravindran V. Gu.
_91237116
245 0 _aInteractions of Dark Matter with Color Multiplets
260 _c2022
300 _a135
650 _aScience
700 _aUniversity of Delhi. Faculty of Science. Deptt. of Physics & Astrophysics
_91237110
942 _cTH
999 _c1849483
_d1849483